<?xml version="1.0" encoding="UTF-8"?>
<record
    xmlns:xsi="http://www.w3.org/2001/XMLSchema-instance"
    xsi:schemaLocation="http://www.loc.gov/MARC21/slim http://www.loc.gov/standards/marcxml/schema/MARC21slim.xsd"
    xmlns="http://www.loc.gov/MARC21/slim">

  <leader>01658nam a22002537a 4500</leader>
  <datafield tag="999" ind1=" " ind2=" ">
    <subfield code="c">22106</subfield>
    <subfield code="d">22106</subfield>
  </datafield>
  <controlfield tag="003">AR-CdUCM</controlfield>
  <controlfield tag="008">190425b           ||||| |||| 00| 0 spa d</controlfield>
  <datafield tag="040" ind1=" " ind2=" ">
    <subfield code="a">MUNICIPALIDAD PROVINCIAL DEL CUSCO</subfield>
    <subfield code="c">BIBLIOTECA MUNICIPAL DEL CUSCO</subfield>
  </datafield>
  <datafield tag="082" ind1=" " ind2=" ">
    <subfield code="a">Sieteculebras/N&#xB0;8/1995</subfield>
  </datafield>
  <datafield tag="245" ind1=" " ind2=" ">
    <subfield code="a">Siete culebras :</subfield>
    <subfield code="b">Revista de cultura andina /</subfield>
    <subfield code="c">Mario Guevara Paredes, Director</subfield>
  </datafield>
  <datafield tag="260" ind1=" " ind2=" ">
    <subfield code="a">Cusco :</subfield>
    <subfield code="b">Sieteculebras,</subfield>
    <subfield code="c">1995.</subfield>
  </datafield>
  <datafield tag="300" ind1=" " ind2=" ">
    <subfield code="a">46 p&#xE1;ginas. :</subfield>
    <subfield code="b">ilustraciones ;</subfield>
    <subfield code="c">30 cm.</subfield>
  </datafield>
  <datafield tag="440" ind1=" " ind2=" ">
    <subfield code="a">Revista Siete Culebras.</subfield>
    <subfield code="n">diciembre 1995, N&#xB0;8</subfield>
    <subfield code="9">47454</subfield>
  </datafield>
  <datafield tag="505" ind1=" " ind2=" ">
    <subfield code="a">Contenido: Apuntes sobre narradores cusque&#xF1;os. Rub&#xE9;n Sueldo Guevara. -- La narrativa andina. Juan Alberto Osorio. -- El Inka vive en la ciudad de Paytiti. Ricardo Valderrama Fern&#xE1;ndez, Carmen Escalante Guti&#xE9;rrez. -- Literatura ind&#xED;gena y neoindigenismo, mistificaci&#xF3;n de la cr&#xED;tica acad&#xE9;mica lime&#xF1;a. Juan Zevallos Aguilar. -- De condenado y almas en pena. Odi Gonzales. -- Tradici&#xF3;n oral y literatura. Helena Usandizaga. -- Simposio de literaturas andinas del sur del Per&#xFA;. -- Imagen de la narrativa cusque&#xF1;a. Mario Pantoja. -- Ukukumanta, el joven oso. Santos Pacco Ccama. -- El indigenismo en el proceso de la literatura cusque&#xF1;a. Pedro G&#xF3;mez Mu&#xF1;oz. -- Oralidad y conciencia hist&#xF3;rica en el sur teor&#xED;as y enfoques. Mart&#xED;n Romero Pacheco.</subfield>
  </datafield>
  <datafield tag="650" ind1=" " ind2=" ">
    <subfield code="a">Literatura cusque&#xF1;a</subfield>
    <subfield code="9">47453</subfield>
  </datafield>
  <datafield tag="650" ind1=" " ind2=" ">
    <subfield code="a">Narradores cusque&#xF1;os</subfield>
    <subfield code="9">31142</subfield>
  </datafield>
  <datafield tag="650" ind1=" " ind2=" ">
    <subfield code="a">Literatos cusque&#xF1;os</subfield>
    <subfield code="9">44145</subfield>
  </datafield>
  <datafield tag="700" ind1=" " ind2=" ">
    <subfield code="a">Guevara paredes, Mario</subfield>
    <subfield code="9">6574</subfield>
  </datafield>
  <datafield tag="700" ind1=" " ind2=" ">
    <subfield code="a">Sueldo Guevara, Rub&#xE9;n</subfield>
    <subfield code="9">6569</subfield>
  </datafield>
  <datafield tag="700" ind1=" " ind2=" ">
    <subfield code="a">Pantigozo Montes. Jaime</subfield>
    <subfield code="9">946</subfield>
  </datafield>
  <datafield tag="700" ind1=" " ind2=" ">
    <subfield code="a">Valderrama Fern&#xE1;ndez, Ricardo</subfield>
    <subfield code="9">7653</subfield>
  </datafield>
  <datafield tag="942" ind1=" " ind2=" ">
    <subfield code="2">ddc</subfield>
    <subfield code="c">PP</subfield>
  </datafield>
  <datafield tag="945" ind1=" " ind2=" ">
    <subfield code="a">rac</subfield>
  </datafield>
  <datafield tag="952" ind1=" " ind2=" ">
    <subfield code="0">0</subfield>
    <subfield code="2">ddc</subfield>
    <subfield code="4">0</subfield>
    <subfield code="7">0</subfield>
    <subfield code="a">HEM</subfield>
    <subfield code="b">HEM</subfield>
    <subfield code="c">CART</subfield>
    <subfield code="d">2022-03-07</subfield>
    <subfield code="g">5.00</subfield>
    <subfield code="o">Sieteculebras/N&#xB0;8/1995</subfield>
    <subfield code="p">REVC000811</subfield>
    <subfield code="r">2022-03-07</subfield>
    <subfield code="y">PP</subfield>
  </datafield>
</record>
